Program kvantitatívneho uvoľňovania Európskej centrálnej banky, jeho potenciálny dosah na hospodársku a sociálnu politiku krajín eurozóny

Charakteristika a analýza programu kvantitatívneho uvoľňovania. Jeho kladný i nepriaznivý dosah na ekonomiky krajín eurozóny. Faktory, ktoré proces kvantitatívneho uvoľňovania ovplyvňujú a faktory, ktoré by sa pri implementácii programu kvantitatívneho uvoľňovania mali brať do úvahy.

Na minha lista:
Detalhes bibliográficos
Autor principal: Melíšek, Richard
Formato: Capítulo de Livro
Idioma:eslovaco
Assuntos:
Tags: Adicionar Tag
Sem tags, seja o primeiro a adicionar uma tag!

MARC

LEADER 00000naa a2200000 4500
001 0207421
005 20241121133709.6
041 0 |a slo 
044 |a SK 
245 1 0 |a Program kvantitatívneho uvoľňovania Európskej centrálnej banky, jeho potenciálny dosah na hospodársku a sociálnu politiku krajín eurozóny  |c Richard Melíšek 
520 |a Charakteristika a analýza programu kvantitatívneho uvoľňovania. Jeho kladný i nepriaznivý dosah na ekonomiky krajín eurozóny. Faktory, ktoré proces kvantitatívneho uvoľňovania ovplyvňujú a faktory, ktoré by sa pri implementácii programu kvantitatívneho uvoľňovania mali brať do úvahy. 
610 2 0 |a politika menová 
610 2 0 |a Európska centrálna banka 
610 2 0 |a stabilita finančná 
610 2 0 |a inflácia 
610 2 0 |a dlhopisy 
610 2 0 |a uvoľňovanie kvantitatívne 
100 1 |a Melíšek, Richard